Co dělat, až už tu nebudu Maminčiny rady pro dceru
Saved in:
| Main Author | |
|---|---|
| Other Authors | |
| Format | Electronic eBook |
| Language | Czech |
| Published |
Alferia
2026
|
| Edition | 1. elektronické vydání |
| Subjects | |
| Online Access | Dostupné v BOOKPORT po přihlášení pomocí eduID |
| ISBN | 978-80-271-8430-9 978-80-271-5961-1 |
| Physical Description | 1 online zdroj (152 stran) |
| LEADER | 00000nam a2200000 i 4500 | ||
|---|---|---|---|
| 001 | bkp15066 | ||
| 003 | CZ-prgp | ||
| 005 | 20260407112622.0 | ||
| 006 | m o d | ||
| 007 | cr cn | ||
| 008 | 260407s2026 xr o 000 0 cze | ||
| 020 | |a 978-80-271-8430-9 |c 339 Kč |q (online ; pdf) | ||
| 020 | |a 978-80-271-5961-1 |c 406 Kč |q (print) | ||
| 040 | |a Grada |b cze |e rda | ||
| 100 | 1 | |a Hopkins, Suzy | |
| 245 | 1 | 0 | |a Co dělat, až už tu nebudu |b Maminčiny rady pro dceru |c Suzy Hopkins, Hallie Bateman |
| 250 | |a 1. elektronické vydání | ||
| 264 | 1 | |b Alferia |c 2026 | |
| 300 | |a 1 online zdroj (152 stran) | ||
| 336 | |a text |b txt |2 rdacontent | ||
| 337 | |a počítač |b c |2 rdamedia | ||
| 338 | |a online zdroj |b cr |2 rdacarrier | ||
| 520 | 3 | |a Co dělat, až už tu nebudu je výjimečná kniha, která dokáže o těžkých věcech, jako je ztráta, samota nebo truchlení mluvit s lehkostí - a připomíná, že i na konci světa se dá najít trochu humoru a hodně lásky. | |
| 650 | 0 | 4 | |a Vztahy, láska, rodina |
| 700 | 1 | |a Hallie Bateman | |
| 856 | 4 | 0 | |u https://www.bookport.cz/AccountSaml/SignIn/?idp=https://shibboleth.utb.cz/idp/shibboleth&returnUrl=/kniha/co-delat-az-uz-tu-nebudu-15894/ |y Dostupné v BOOKPORT po přihlášení pomocí eduID |